| 000 | 00576cas a22001935a 4500 | ||
|---|---|---|---|
| 001 | L138667 | ||
| 008 | 070702d19921999xxkqr p 0 a0eng u | ||
| 035 | _a(Sirsi) u138667 | ||
| 041 | 0 | _aeng | |
| 110 | 2 |
_aGuild of Incorporated Surveyors _95250 |
|
| 245 | 0 | 0 | _aGIS Newsletter |
| 260 |
_aOldham _bGIS _c1992-1999 |
||
| 362 | 0 | _aSpring 1992-January 1999 | |
| 554 | _aFour per year | ||
| 651 | 4 |
_aUnited Kingdom _y |
|
| 690 | _aMANAGEMENT-BUSINESS MANAGEMENT-PROFESSIONAL PRACTICE | ||
| 780 | 0 | 0 |
_tSurvey _bQuarterly Journal of the Guild of Surveyors _x0306-2198 |
| 942 | _n0 | ||
| 999 |
_c119012 _d119012 |
||